| 000 | 00666nam a2200181Ia 4500 | ||
|---|---|---|---|
| 008 | 090630s9999 xx 000 0 und d | ||
| 082 | _b2573 | ||
| 100 | _aअग्रवाल हरकिसन दास. | ||
| 245 |
_aदिव्यता की ओर. _cअग्रवाल हरकिसन दास. |
||
| 260 | _bतुलसी मानस. | ||
| 300 | _a22 | ||
| 600 | _aअग्रवाल हरकिसन दास. | ||
| 630 | _aदिव्यता की ओर. | ||
| 655 | _aहिंदी. | ||
| 700 | _aअग्रवाल हरकिसन दास. | ||
| 730 | _aदिव्यता की ओर. | ||
| 942 | _cBOOK | ||
| 999 |
_c254429 _d254429 |
||